[Event "WJun Girls"]
[Site "Puerto Madryn ARG"]
[Date "2009.10.23"]
[Round "2"]
[White "Anton,S"]
[Black "Mikadze,M"]
[Result "0-1"]
[WhiteElo "1820"]
[BlackElo "2317"]

1.e4 d6 2.d4 Nf6 3.Nc3 e5 4.Nf3 Nbd7 5.h3 Be7 6.Be3 c6 7.Qd2 b5 8.Bd3 O-O
9.g4 Bb7 10.a3 a5 11.Ne2 exd4 12.Nexd4 c5 13.Nxb5 Nxe4 14.Qe2 d5 15.O-O-O Nd6
16.Nxd6 Bxd6 17.Ng5 Nf6 18.f3 Re8 19.Qf2 Rxe3 20.Qxe3 Qc7 21.Ne6 fxe6 22.Qxe6+ Kf8
23.Bb5 c4 24.a4 Rd8 25.Rhe1 c3 26.Rd3 cxb2+ 27.Kxb2 Bg3 28.Re2 Qd6 29.g5 Qxe6
30.Rxe6 Nd7 31.Rd1 Kf7 32.Re2 Bf4 33.h4 Nc5 34.c4 d4  0-1

[Event "Chigorin Mem Open"]
[Site "St Petersburg RUS"]
[Date "2009.10.23"]
[Round "8"]
[White "Denisov,I"]
[Black "Skomorokhin,R"]
[Result "0-1"]
[WhiteElo "2208"]
[BlackElo "2413"]

1.e4 d6 2.d4 Nf6 3.Nc3 e5 4.Nf3 Nbd7 5.Bc4 Be7 6.O-O O-O 7.a4 c6 8.a5 Rb8
9.Qe2 b5 10.axb6 axb6 11.d5 cxd5 12.Nxd5 Nxd5 13.Bxd5 Nf6 14.Bc4 Bb7 15.Bd3 h6
16.b3 Qc7 17.Bb2 Nd7 18.Nd2 Nc5 19.Nb1 Ne6 20.Nc3 Nf4 21.Qd1 Rbc8 22.Bc4 Kh8
23.f3 f5 24.g3 Nh3+ 25.Kg2 fxe4 26.fxe4 Rxf1 27.Bxf1 Ng5 28.Bd3 Qd7 29.Qh5 Kh7
30.Rf1 g6 31.Qe2 d5 32.Nxd5 Bxd5 33.exd5 Qxd5+ 34.Kf2 Bc5+ 35.Ke1 Bb4+ 36.Kd1 e4
37.Qg4 Rxc2 38.Kxc2 Qxd3+ 39.Kc1 Bd2+  0-1

[Event "Chigorin Mem Open"]
[Site "St Petersburg RUS"]
[Date "2009.10.23"]
[Round "8"]
[White "Styazhkina,A"]
[Black "Rjabzev,K"]
[Result "0-1"]
[WhiteElo "2059"]
[BlackElo "2333"]

1.e4 d6 2.d4 Nf6 3.Nc3 e5 4.Nf3 Nbd7 5.Bc4 Be7 6.O-O O-O 7.Be3 c6 8.Bb3 b5
9.a3 a6 10.Re1 Bb7 11.Bg5 Ne8 12.Bxe7 Qxe7 13.dxe5 dxe5 14.Qd2 Nc5 15.Ba2 Rd8
16.Qe3 Nf6 17.Qg5 Ncd7 18.Nh4 Nd5 19.Qxe7 Nxe7 20.Nf3 c5 21.Rad1 c4 22.b3 cxb3
23.Bxb3 Ng6 24.Nd5 Nc5 25.Ba2 Rd7 26.c4 Rfd8 27.Rb1 bxc4 28.Bxc4 Bc6 29.Nc3 Rb7
30.Rxb7 Bxb7 31.Ng5 Nh8 32.f3 h6 33.Nh3 Rd2 34.Re2 Rd4 35.Bd5 Ng6 36.Bxb7 Nxb7
37.Kf2 Nc5 38.g3 Nf8 39.f4 Rc4 40.Nd5 Nfe6 41.fxe5 Nd4 42.Re3 Rc2+ 43.Kg1 Nxe4
44.Nb4 Rc1+ 45.Kg2 Nc5 46.Nf2 a5 47.Nbd3 Rc3 48.g4 Rxa3 49.Rg3 Nce6 50.Re3 a4
51.Re1 Ra2 52.Kg3 a3 53.Nb4 Rb2 54.Nfd3 Rb3 55.Kf2 Nf4 56.Nxf4 Rxb4 57.Nd3 Rb3
58.Rd1 a2  0-1

[Event "Guernsey Open"]
[Site "Guernsey GCI"]
[Date "2009.10.24"]
[Round "7"]
[White "Agustsson,H"]
[Black "Hickman,J"]
[Result "1/2-1/2"]
[WhiteElo "1952"]
[BlackElo "2006"]

1.e4 d6 2.d4 Nf6 3.Nc3 c6 4.a4 Nbd7 5.f4 Qa5 6.Bd2 e5 7.Nf3 exd4 8.Nxd4 Qb6
9.Nb3 a5 10.Be2 Be7 11.Bf3 O-O 12.Qe2 Qc7 13.O-O b6 14.g4 Ba6 15.Qg2 Bxf1
16.Rxf1 d5 17.e5 Ne8 18.Kh1 Bc5 19.Ne2 Rb8 20.Ned4 Bxd4 21.Nxd4 Nc5 22.f5 Ne4
23.Bf4 Qb7 24.c4 Rc8 25.b3 Nc7 26.Rd1 Na6 27.Nxc6 Nc3 28.cxd5 Nxd1 29.Bxd1 Nb4
30.Bf3 Nxc6 31.dxc6 Qe7 32.g5 Qb4 33.Qg3 Qxb3 34.f6 Qb1+ 35.Kg2 Qc2+ 36.Kh3 Qf5+
37.Bg4 Qg6 38.Bd7 Qh5+ 39.Kg2 Qe2+ 40.Kh3 Qh5+ 41.Kg2 Qe2+ 42.Kh3 Qh5+  1/2-1/2

[Event "8th TCh-Eur w"]
[Site "Novi Sad SRB"]
[Date "2009.10.24"]
[Round "3"]
[White "Jackova,J"]
[Black "Borsuk,A"]
[Result "0-1"]
[WhiteElo "2393"]
[BlackElo "2351"]

1.e4 d6 2.d4 Nf6 3.Nc3 e5 4.Nf3 Nbd7 5.Bc4 Be7 6.O-O O-O 7.Re1 c6 8.a4 a5
9.h3 Nb6 10.Bf1 exd4 11.Nxd4 d5 12.e5 Ne8 13.Qf3 g6 14.Bh6 Ng7 15.Rad1 Bg5
16.Bxg5 Qxg5 17.g3 Nf5 18.Rd3 Re8 19.Nxf5 Qxf5 20.Qxf5 Bxf5 21.Rd2 g5 22.f4 gxf4
23.gxf4 Re6 24.Kf2 Rg6 25.Bd3 Bxd3 26.Rxd3 Re8 27.Rg3 Rxg3 28.Kxg3 Kf8 29.Kf2 Nd7  0-1

[Event "8th TCh-Eur w"]
[Site "Novi Sad SRB"]
[Date "2009.10.24"]
[Round "3"]
[White "Kosintseva,T"]
[Black "Rautanen,S"]
[Result "1/2-1/2"]
[WhiteElo "2536"]
[BlackElo "1993"]

1.e4 d6 2.d4 Nf6 3.Nc3 e5 4.Nf3 Nbd7 5.Bc4 Be7 6.O-O O-O 7.Re1 c6 8.a4 a5
9.b3 exd4 10.Nxd4 Nc5 11.Qf3 Ng4 12.Bf1 Ne5 13.Qd1 Re8 14.Bb2 Bf8 15.Qd2 Qb6
16.h3 Bd7 17.Rad1 Rad8 18.Kh2 Bc8 19.f4 Ng6 20.g3 Qc7 21.Bg2 h5 22.Qf2 Be7
23.Qf3 h4 24.g4 d5 25.e5 f6 26.Kh1 fxe5 27.fxe5 Nxe5 28.Qf4 Bd6 29.Qg5 Qe7
30.Qh5 Qf6 31.Rf1 Qh6 32.Qxh6 gxh6 33.Nf5 Bxf5 34.Rxf5 Rf8 35.Rh5 Nf3 36.Rxh6 Bf4
37.Rh5 Bg3 38.Rf1 Nd2 39.Rxf8+ Kxf8 40.Ne2 Nce4 41.Rh8+ Ke7 42.Rh7+ Kd6 43.Nd4 Re8
44.Nf5+ Kc5 45.Bd4+ Kb4 46.Rxb7+ Ka3 47.Re7 Rxe7 48.Nxe7 c5 49.Bg7 d4 50.Nc6 Bc7
51.Be5 Bxe5 52.Nxe5 Kb2 53.Nc4+ Nxc4 54.Bxe4 Nd2 55.Bd5 Kxc2 56.Kg2 Nxb3
57.g5 d3 58.g6 Nd4 59.g7 d2 60.g8=Q d1=Q 61.Qh7+ Kc1 62.Qxh4 Qd2+ 63.Kh1 Qd1+
64.Kg2 Qd2+  1/2-1/2

[Event "WJun"]
[Site "Puerto Madryn ARG"]
[Date "2009.10.24"]
[Round "4"]
[White "Maldonado,Fed"]
[Black "Aharon,O"]
[Result "1-0"]
[WhiteElo "2003"]
[BlackElo "2192"]

1.e4 d6 2.d4 Nf6 3.Nc3 Nbd7 4.Be3 e5 5.Nge2 Ng4 6.Bc1 c6 7.f3 Ngf6 8.Be3 b5
9.Qd2 Nb6 10.b3 b4 11.Nd1 Qc7 12.dxe5 dxe5 13.Ng3 Be6 14.Qf2 h5 15.h4 Be7
16.Be2 O-O 17.Bg5 g6 18.O-O Ne8 19.f4 exf4 20.Bxe7 Qxe7 21.Qxf4 Ng7 22.Ne3 Rad8
23.Bd3 Qc5 24.Kh1 Nd7 25.Qh6 Qd6 26.Rf4 Ne8 27.Nef5  1-0

[Event "Chigorin Mem Open"]
[Site "St Petersburg RUS"]
[Date "2009.10.24"]
[Round "9"]
[White "Lintchevski,D"]
[Black "Yudin,S"]
[Result "1/2-1/2"]
[WhiteElo "2499"]
[BlackElo "2599"]

1.e4 d6 2.d4 Nf6 3.Nc3 e5 4.Nf3 Nbd7 5.Bc4 Be7 6.O-O O-O 7.a4 c6 8.Re1 b6
9.b3 Bb7 10.Bb2 a6 11.Bd3 b5 12.Ne2 d5  1/2-1/2

[Event "4NCL 2009-10"]
[Site "Sunningdale ENG"]
[Date "2009.10.24"]
[Round "1"]
[White "Cernousek,L"]
[Black "Berry,N"]
[Result "0-1"]
[WhiteElo "2417"]
[BlackElo "2301"]

1.e4 d6 2.d4 Nf6 3.Nc3 e5 4.Nf3 Nbd7 5.Bc4 Be7 6.O-O O-O 7.Re1 a6 8.a4 b6
9.Bg5 h6 10.Bh4 c6 11.Bg3 Qc7 12.Nh4 exd4 13.Ng6 Ne5 14.Bxe5 dxe5 15.Nxf8 dxc3
16.Ng6 Bb4 17.Re3 cxb2 18.Rb1 Bg4 19.Qf1 b5 20.Ba2 Bc5 21.Ree1 Rd8 22.Kh1 Bb4
23.Re3 Bc5 24.Ree1 Bb4 25.Re3 Bd2 26.Rd3 Rxd3 27.Qxd3 Bc1 28.h3 Be6 29.Bxe6 fxe6
30.axb5 cxb5 31.Qb3 Qc4 32.Qxc4 bxc4 33.Nxe5 Nxe4 34.Nxc4 Nc3 35.Rxb2 Bxb2
36.Nxb2 a5 37.Nc4 a4 38.Kg1 Nb1 39.Na5 a3 40.Nb3 a2 41.f3 Na3 42.Na1 Kf7
43.Kf2 Kf6 44.f4 e5 45.Kf3 exf4 46.Kxf4 g5+ 47.Ke4 h5 48.g4 hxg4 49.hxg4 Nc4
50.Kd4 Ne5 51.Kc3 Nxg4 52.Kb2 Ne3 53.Nb3 g4 54.Nc1 Nxc2 55.Nxa2 g3 56.Nc3 g2
57.Ne2 Nd4 58.Ng1 Ke5 59.Kc3 Ke4 60.Kd2 Kf4 61.Kd3 Nf5 62.Ne2+ Kf3 63.Kd2 Ng3
64.Ng1+ Kf2 65.Nh3+ Kf1 66.Ke3 Nh1  0-1

[Event "24th GP Open A"]
[Site "Le Touquet FRA"]
[Date "2009.10.25"]
[Round "2"]
[White "Kieffer,C"]
[Black "Fatianova,T"]
[Result "1-0"]
[WhiteElo "2109"]
[BlackElo "2302"]

1.e4 d6 2.d4 Nf6 3.Nc3 e5 4.Nf3 Nbd7 5.g3 Be7 6.Bg2 O-O 7.O-O c6 8.a4 a5
9.Re1 Re8 10.h3 Qb6 11.b3 h6 12.Be3 Qc7 13.Nd2 Nf8 14.Nc4 Ng6 15.d5 cxd5
16.Nb5 Qb8 17.exd5 Nd7 18.h4 Ra6 19.h5 Nh8 20.g4 f6 21.Be4 Rd8 22.Bf5 Nf8
23.Bb6 Bxf5 24.Bxd8 Bxc2 25.Qxc2 Qxd8 26.Ne3 Nd7 27.Rac1 Nc5 28.Nf5 b6 29.Nbd4 Bf8
30.Ne6 Qc8 31.Qc4 Nf7 32.Qb5 Ng5 33.Re3 Nf7 34.Nexg7 Qb7 35.Ne8 Ra8 36.Nxf6+ Kh8
37.Rxc5 dxc5 38.Qd7 Ra7 39.Qe6 Ra8 40.Nh4 Bd6 41.Ng6+ Kg7 42.Ne4 Rd8 43.Rf3  1-0

[Event "17th TCh-Eur"]
[Site "Novi Sad SRB"]
[Date "2009.10.25"]
[Round "4"]
[White "Nedev,T"]
[Black "Delchev,A"]
[Result "1/2-1/2"]
[WhiteElo "2511"]
[BlackElo "2635"]

1.e4 d6 2.d4 Nf6 3.Nc3 e5 4.Nf3 Nbd7 5.Bc4 Be7 6.O-O O-O 7.Re1 a6 8.a4 b6
9.h3 c6 10.Ba2 Rb8 11.Qd3 b5 12.axb5 axb5 13.b4 exd4 14.Nxd4 Ne5 15.Qe2 Bd7
16.Bf4 Re8 17.Rad1 Qb6 18.Nf3 Qc7 19.Ng5 Rf8 20.Qe3 Rbe8 21.Ra1 Qb8 22.Ne2 Bd8
23.Ng3 Ng6 24.Qd2 Nxf4 25.Qxf4 Bc7 26.Qh4 h6 27.Nf3 c5 28.c3 c4 29.Bb1 d5
30.Nd4 Bf4 31.Nh5 Nxh5 32.Qxh5 Re5 33.Qf3 Bg5 34.Re2 dxe4 35.Bxe4 Bf6 36.Ra8 Qd6
37.Rxf8+ Qxf8 38.Bh7+ Kh8 39.Bc2 Rxe2 40.Nxe2 Qe8 41.Qe4 Qxe4 42.Bxe4 Kg8
43.f3 Kf8 44.Kf2 Ke7 45.Ke3 Kd6 46.Nd4 g6 47.g4 Bd8 48.Bb7 Bb6 49.Ke4 h5
50.gxh5 f5+ 51.Ke3 gxh5 52.f4 h4 53.Bf3 Be8 54.Bb7 Bd7 55.Bf3  1/2-1/2

[Event "8th TCh-Eur w"]
[Site "Novi Sad SRB"]
[Date "2009.10.25"]
[Round "4"]
[White "Moser,E"]
[Black "Rautanen,S"]
[Result "1-0"]
[WhiteElo "2407"]
[BlackElo "1993"]

1.e4 d6 2.d4 Nf6 3.Nc3 e5 4.Nge2 Nc6 5.d5 Ne7 6.Bg5 Ng6 7.h4 h6 8.Bxf6 Qxf6
9.g3 h5 10.Qd3 Qd8 11.Bh3 Bxh3 12.Rxh3 Qd7 13.Rh1 Ne7 14.O-O-O g6 15.f4 Bh6
16.Kb1 exf4 17.gxf4 O-O-O 18.Nb5 Kb8 19.c4 a6 20.Nbd4 Bg7 21.Nf3 c6 22.dxc6 Qxc6
23.Ng5 Rhf8 24.Nd4 Qb6 25.Nb3 Nc6 26.Rd2 Nb4 27.Qf3 a5 28.Rhd1 a4 29.Nd4 Rc8
30.Nb5 Rxc4 31.Nxd6 Rd4 32.e5 Rxd2 33.Rxd2 Nc6 34.Ngxf7 Qb4 35.Rd1 Nxe5 36.fxe5 Bxe5
37.Qe2 Bf6 38.a3 Qxh4 39.Qb5 Rxf7 40.Qe8+ Ka7 41.Qxf7  1-0

[Event "17th TCh-Eur"]
[Site "Novi Sad SRB"]
[Date "2009.10.25"]
[Round "4"]
[White "Vuckovic,Bo"]
[Black "Gagunashvili,M"]
[Result "0-1"]
[WhiteElo "2600"]
[BlackElo "2580"]

1.e4 d6 2.d4 Nf6 3.Nc3 e5 4.Nf3 Nbd7 5.Bc4 Be7 6.O-O O-O 7.Re1 c6 8.a4 b6
9.Ba2 a6 10.h3 Rb8 11.Bg5 b5 12.Qd3 Re8 13.Rad1 Qc7 14.axb5 axb5 15.b4 h6
16.Bh4 Qb6 17.Rb1 exd4 18.Nxd4 Ne5 19.Qd2 Bxh3 20.f4 Bd7 21.fxe5 dxe5 22.Bf2 exd4
23.Bxd4 Qc7 24.e5 Nh7 25.Ne4 Ng5 26.Nxg5 Bxg5 27.Qf2 Be6 28.Bxe6 Rxe6 29.Ra1 Qc8
30.Bc5 Be7 31.Ra7 Rb7 32.Rxb7 Qxb7 33.Ra1 Rxe5 34.Bd4 Re6 35.Ra7 Qb8 36.c3 Bf6
37.Bxf6 Rxf6 38.Qd4 Qf4 39.Ra8+ Kh7  0-1

[Event "WJun Girls"]
[Site "Puerto Madryn ARG"]
[Date "2009.10.25"]
[Round "5"]
[White "Leks,H"]
[Black "Steil Antoni,F"]
[Result "0-1"]
[WhiteElo "2169"]
[BlackElo "2152"]

1.e4 d6 2.d4 Nf6 3.Nc3 Nbd7 4.Nf3 e5 5.Bc4 Be7 6.O-O O-O 7.Re1 c6 8.a4 a5
9.Ba2 exd4 10.Nxd4 Nc5 11.h3 Re8 12.Qf3 Qb6 13.Bf4 Nxa4 14.Nxc6 Nxc3 15.Nxe7+ Rxe7
16.bxc3 Be6 17.Bxd6 Qxd6 18.e5 Qc6 19.Qxc6 bxc6 20.exf6 gxf6 21.Bxe6 fxe6
22.Re4 Kf7 23.Rea4 Rea7 24.c4 e5 25.c5 Ke6 26.c4 e4 27.Rd1 Rd7 28.Rxd7 Kxd7
29.Kf1 Ke6 30.Ke2 Ke5 31.Ke3 f5 32.f4+ exf3 33.Kxf3 Kd4 34.Kf4 Kc3 35.Kxf5 Kb3
36.Ra1 Kxc4 37.g4 Kxc5 38.h4 a4 39.g5 a3 40.h5 a2 41.g6 hxg6+ 42.hxg6 Kb4
43.g7 Kb3 44.Rh1 Rg8 45.Kf6 c5 46.Rh3+ Kb4 47.Rh1 c4 48.Kf7 Rxg7+ 49.Kxg7 Kb3
50.Kf6 c3  0-1

[Event "24th GP Open A"]
[Site "Le Touquet FRA"]
[Date "2009.10.26"]
[Round "4"]
[White "Ladisic,A"]
[Black "Fatianova,T"]
[Result "0-1"]
[WhiteElo "2067"]
[BlackElo "2302"]

1.e4 d6 2.d4 Nf6 3.Nc3 e5 4.dxe5 dxe5 5.Qxd8+ Kxd8 6.Bg5 Be6 7.O-O-O+ Nd7
8.f4 exf4 9.Nf3 Kc8 10.Bxf4 c6 11.Re1 Bb4 12.Nd2 b5 13.a3 Bc5 14.Nb3 Bb6
15.Be3 Bxe3+ 16.Rxe3 Bxb3 17.cxb3 Re8 18.Bd3 Kc7 19.Rhe1 Ne5 20.Bc2 Re7 21.h3 h5
22.Ne2 Rae8 23.Ng1 h4 24.Nf3 Nxf3 25.gxf3 Nh5 26.Rg1 f6 27.Rg4 g5 28.Bd3 Re5
29.Bf1 Rd8 30.Rd3 Rxd3 31.Bxd3 Nf4 32.Bf1 Re7 33.Kd2 Kd6 34.Ke3 Ke5 35.Rg1 Rd7
36.Be2 Nxh3 37.Rc1 Rd6 38.a4 a6 39.b4 Nf4 40.Bd1 Rd3+ 41.Kf2 Kd6 42.Be2 Rd2  0-1

[Event "17th TCh-Eur"]
[Site "Novi Sad SRB"]
[Date "2009.10.26"]
[Round "5"]
[White "Smeets,J"]
[Black "Navara,D"]
[Result "0-1"]
[WhiteElo "2642"]
[BlackElo "2692"]

1.e4 d6 2.d4 Nf6 3.Nc3 e5 4.dxe5 dxe5 5.Qxd8+ Kxd8 6.Bc4 Ke8 7.Nf3 Bd6 8.Bg5 Nbd7
9.O-O-O a6 10.a4 h6 11.Bh4 Nb6 12.Bb3 Bg4 13.Bxf6 gxf6 14.Ne2 Rd8 15.Ng3 h5
16.h3 Bd7 17.a5 Nc8 18.c3 Bc5 19.Rd2 h4 20.Nf5 Bxf5 21.exf5 Rxd2 22.Nxd2 Nd6
23.Bc2 Bxf2 24.Ne4 Be3+ 25.Kd1 Nxf5 26.Nxf6+ Ke7 27.Nd5+ Kd6 28.Bxf5 Kxd5
29.Ke2 Bc5 30.Rd1+ Kc4 31.Rd7 Bd6 32.Be4 Kb5 33.Rxf7 Kxa5 34.Bxb7 Rb8 35.b4+ Kb5
36.Be4 c5 37.Bd3+ c4 38.Be4 Ka4 39.Kd2 Kb3 40.Rf1 Rf8 41.Bf5 Be7 42.Rb1+ Ka2
43.Rf1 Rf6 44.Kc2 e4 45.Kd2 Kb2 46.Ke3 Kxc3 47.Kxe4 Bxb4 48.Ke5 Rc6 49.Be4 Rc5+
50.Bd5 a5 51.Ke4 Kb2 52.Rf2+ Kb3 53.Rf3+ Bc3  0-1

[Event "8th TCh-Eur w"]
[Site "Novi Sad SRB"]
[Date "2009.10.26"]
[Round "5"]
[White "Gaponenko,I"]
[Black "Khukhashvili,S"]
[Result "1/2-1/2"]
[WhiteElo "2438"]
[BlackElo "2451"]

1.e4 d6 2.d4 Nf6 3.Nc3 e5 4.dxe5 dxe5 5.Qxd8+ Kxd8 6.Bg5 Nd7 7.O-O-O Bd6
8.Nf3 Ke8 9.a3 h6 10.Bh4 a6 11.Nd2 b5 12.Nb3 g5 13.Bg3 Nf8 14.f3 h5 15.Be2 Ne6
16.Rhe1 h4 17.Bf2 Kf8 18.Bf1 Kg7 19.a4 b4 20.Nd5 Nxd5 21.exd5 Nf4 22.g3 hxg3
23.hxg3 Ng6 24.Na5 g4  1/2-1/2

[Event "WJun"]
[Site "Puerto Madryn ARG"]
[Date "2009.10.26"]
[Round "6"]
[White "Dole,A"]
[Black "Aharon,O"]
[Result "0-1"]
[WhiteElo "2068"]
[BlackElo "2192"]

1.e4 d6 2.d4 Nf6 3.Nc3 e5 4.Nf3 Nbd7 5.Bc4 Be7 6.O-O O-O 7.Re1 c6 8.a4 a5
9.h3 Nb6 10.Bb3 Nfd7 11.Be3 exd4 12.Qxd4 Nc5 13.Rad1 Be6 14.Bxe6 fxe6 15.e5 d5
16.Qg4 Qe8 17.Nd4 Qf7 18.b3 h5 19.Qg3 Ncd7 20.Nf3 Bb4 21.Bd2 Nc5 22.Qh4 Qg6
23.Ng5 Rf5 24.f4 Raf8 25.Ne2 Bxd2 26.Rxd2 Nbd7 27.Rf1 Nxe5 28.Ng3 Ned7 29.Nxf5 Qxf5
30.Qxh5 Nf6 31.Qe2 Nfe4 32.Nxe4 Nxe4 33.Rd3 Qf6 34.Qe1 b6 35.c4 Nc5 36.Rg3 Qd4+
37.Qe3 Nxb3 38.cxd5 exd5 39.Qxd4 Nxd4 40.Re3 Nf5 41.Rb3 Nd4 42.Rxb6 c5 43.Kh2 c4
44.Rd1 Rxf4 45.Rd6 Nf5 46.R6xd5 Ne3 47.Rd8+ Kf7 48.Re1 Nc2 49.Kg3 Rf6 50.Re4 Rc6
51.Rd7+ Kf6 52.Rd2 Nb4 53.Rf4+ Kg6 54.Rdd4 c3 55.Rc4 Rxc4 56.Rxc4 c2 57.Kf3 Nd3
58.Ke4 c1=Q 59.Kxd3 Qf1+ 60.Kc3 Qe1+ 61.Kd4 Kf5 62.g4+ Kf4 63.Kc5+ Kg3 64.Kb5 Kxh3
65.Rd4 g5 66.Rc4 Kg3 67.Rd4 Kf3 68.Rc4 Ke3 69.Rc5 Kd3 70.Rd5+ Ke4 71.Kc6 Qc3+
72.Rc5 Qb4 73.Rxg5 Qxa4+ 74.Kb6 Qd4+ 75.Kb5 Qd7+ 76.Kc4 Qc6+ 77.Kb3 Qb6+  0-1

[Event "17th TCh-Eur"]
[Site "Novi Sad SRB"]
[Date "2009.10.27"]
[Round "6"]
[White "Efimenko,Z"]
[Black "Gagunashvili,M"]
[Result "1/2-1/2"]
[WhiteElo "2654"]
[BlackElo "2580"]

1.e4 d6 2.d4 Nf6 3.Nc3 e5 4.Nf3 Nbd7 5.Bc4 Be7 6.O-O O-O 7.Re1 c6 8.a4 b6
9.Ba2 a6 10.Nh4 exd4 11.Qxd4 Nc5 12.Nf3 Be6 13.h3 Bxa2 14.Rxa2 Re8 15.Ra1 d5
16.exd5 Nxd5 17.Nxd5 cxd5 18.Bf4 Ne4 19.Qd3 Bf6 20.c3 Qd7 21.Be3 Qc6 22.Red1 Red8
23.Bd4 Bxd4 24.Qxd4 Rac8 25.Ne5 Qf6 26.Ng4 Qxd4 27.Rxd4 Rc4 28.Ne3 Rxd4 29.cxd4 g6
30.Rc1 Rd6 31.Kf1 a5 32.Ke2 Ng5 33.Kd3 Ne6 34.Rc8+ Kg7 35.b3 Kf6 36.g3 Ke7
37.f4 Kd7 38.Rh8 h5 39.h4 Ke7 40.Rb8 Kd7 41.Rg8 Nd8 42.f5 Nc6 43.Rf8 Ke7
44.Ra8 Nb4+ 45.Kd2 Rd8 46.Ra7+ Rd7 47.Ra8 Rd8 48.Ra7+ Rd7 49.Ra8  1/2-1/2

[Event "8th TCh-Eur w"]
[Site "Novi Sad SRB"]
[Date "2009.10.27"]
[Round "6"]
[White "Haug,M"]
[Black "Rautanen,S"]
[Result "0-1"]
[WhiteElo "2205"]
[BlackElo "1993"]

1.e4 d6 2.d4 Nf6 3.Nc3 e5 4.Nge2 Be7 5.g3 O-O 6.Bg2 c6 7.a4 a5 8.O-O Na6
9.h3 Qc7 10.Be3 Nb4 11.g4 Be6 12.Ng3 Bc4 13.Re1 Rfe8 14.Nf5 Bf8 15.Bg5 Nd7
16.Ne2 d5 17.dxe5 Qxe5 18.b3 Ba6 19.Ned4 Qc7 20.Qd2 Nb6 21.Bf4 Qd7 22.e5 c5
23.Nf3 d4 24.Nd6 Bxd6 25.exd6 N6d5 26.Bg3 Nc3 27.Bh2 Re2 28.Rxe2 Nxe2+ 29.Kh1 Re8
30.Re1 h6 31.Ng5 Nc3 32.Nf3 Re6 33.Rxe6 Qxe6 34.Be5 Ne4 35.Nxd4 Qxe5 36.d7 Nxd2
37.d8=Q+ Kh7 38.Nf5 Qe1+ 39.Kh2 Qe5+ 40.Kh1 Ne4 41.Bxe4 Qxe4+ 42.Kg1 Nc6
43.Qf8 Qe5 44.Qxf7 Nd4 45.Nxd4 cxd4 46.h4 Qe4 47.f3 Qxc2 48.g5 Qg6  0-1

[Event "World Seniors"]
[Site "Condino ITA"]
[Date "2009.10.28"]
[Round "2"]
[White "Wahlbom,M"]
[Black "Ziltener,W"]
[Result "1-0"]
[WhiteElo "2318"]
[BlackElo "2127"]

1.e4 d6 2.d4 Nf6 3.Nc3 c6 4.Nf3 Bg4 5.Be2 e6 6.O-O Be7 7.Be3 O-O 8.h3 Bh5
9.e5 Nd5 10.Nxd5 cxd5 11.Bf4 Nc6 12.exd6 Bxd6 13.Bxd6 Qxd6 14.c3 Rac8 15.a4 Na5
16.Ne5 Bxe2 17.Qxe2 Nc4 18.f4 Qc7 19.Nxc4 Qxc4 20.Qf2 Rc6 21.Rfe1 Ra6 22.f5 Qd3
23.f6 Qf5 24.Qxf5 exf5 25.fxg7 Kxg7 26.Re5 Rb6 27.Ra2 Rd8 28.Rxf5 Re6 29.Kf2 Rf6
30.Rxf6 Kxf6 31.b3 Rc8 32.Rc2 Kf5 33.Kf3 h5 34.g3 Rc6 35.Ke3 a5 36.Kd3 Rb6
37.Rb2 Rg6 38.Rf2+ Ke6 39.Rf3 f5 40.Ke3 Rg7 41.Kf4 Kf6 42.Re3 Rc7 43.Re5 Rxc3
44.Rxd5 Rxb3 45.Rxf5+ Ke6 46.Rxh5 Rb4 47.Rxa5 Rxd4+ 48.Kg5 Rd3 49.Kh4 Ra3
50.g4 Kf6 51.Rb5 Rxa4 52.Rb6+ Kg7 53.Rxb7+ Kg6 54.Rb6+ Kg7 55.Kh5 Ra5+ 56.g5 Ra4
57.Rb7+ Kh8 58.Kh6  1-0

[Event "8th TCh-Eur w"]
[Site "Novi Sad SRB"]
[Date "2009.10.28"]
[Round "7"]
[White "Nemcova,Kat"]
[Black "Milliet,S"]
[Result "1-0"]
[WhiteElo "2258"]
[BlackElo "2407"]

1.e4 d6 2.d4 Nf6 3.Nc3 e5 4.Nf3 Nbd7 5.Bc4 Be7 6.O-O O-O 7.a4 a5 8.Re1 c6
9.h3 Nb6 10.Bf1 Nfd7 11.Be3 Re8 12.b3 h6 13.Qd2 exd4 14.Nxd4 Nc5 15.Rad1 Bf8
16.Nxc6 Qf6 17.Nd4 Nxe4 18.Nxe4 Rxe4 19.Nb5 d5 20.Nc3 Rxe3 21.Qxe3 Bb4 22.Nxd5 Nxd5
23.Qe8+ Kh7 24.Rxd5 Bxe1 25.Qxe1 b6 26.Bd3+ g6 27.Qe3 Bb7 28.Rh5 Qg7 29.Qxb6 f5
30.Bxf5 Bf3 31.Bxg6+ Qxg6 32.Qxg6+ Kxg6 33.Rc5 Bd1 34.g4 Re8 35.Kg2 Re2 36.Rxa5 Rxc2
37.Ra6+ Kg7 38.a5 Rc3 39.b4 Bf3+ 40.Kh2 Be2 41.Re6 Bf1 42.Re3 Rc2 43.Kg3 Rb2
44.Re4 Kf6 45.h4 Rb3+ 46.f3 Bb5 47.Rd4 Ke5 48.Rf4 Bd3 49.Rf8 Rxb4 50.f4+ Ke4
51.Re8+ Kd4 52.f5 Rb1 53.f6 Rg1+ 54.Kh2 Rf1 55.g5 hxg5 56.hxg5 Rf5 57.Kh3 Bb5
58.Rd8+ Ke5 59.Kh4 Ke6 60.Rb8 Bc4 61.a6 Ra5 62.Rb6+ Kf5 63.f7 Bxf7 64.Rf6+ Ke5
65.Rxf7 Rxa6 66.Kh5 Rb6 67.g6 Rb1 68.Kh6 Ke6 69.Rf2 Rb3 70.g7 Rh3+ 71.Kg6 Rg3+
72.Kh7 Rh3+ 73.Kg8 Ke7 74.Re2+ Kd7 75.Re4 Rh1 76.Kf7 Rf1+ 77.Kg6 Rg1+ 78.Kf6 Rf1+
79.Kg5  1-0

[Event "8th TCh-Eur w"]
[Site "Novi Sad SRB"]
[Date "2009.10.29"]
[Round "8"]
[White "Haug,M"]
[Black "Moser,E"]
[Result "1/2-1/2"]
[WhiteElo "2205"]
[BlackElo "2407"]

1.e4 d6 2.d4 Nf6 3.Nc3 Nbd7 4.g3 e5 5.Nge2 c6 6.a4 Be7 7.Bg2 h5 8.h3 h4 9.g4 Nf8
10.Be3 Ng6 11.Qd2 Nh7 12.f4 exf4 13.Nxf4 Nxf4 14.Bxf4 Bg5 15.O-O O-O 16.Nd1 Bxf4
17.Qxf4 Ng5 18.Ne3 Ne6 19.Qf2 Nxd4 20.Rad1 Ne6 21.Nf5 Qb6 22.Nxd6 Qxf2+ 23.Rxf2 Ng5
24.e5 a5 25.Kh2 Rd8 26.Rfd2 Kf8 27.Be4 Be6 28.Bg2 Rab8 29.Ne4 Rxd2 30.Rxd2 Nxe4
31.Bxe4 Ke7 32.Kg2 Rd8 33.Rxd8 Kxd8 34.Kf3 Kc7 35.Kf4 b5 36.Kg5 bxa4 37.Kxh4 Kb6
38.Kg3 g5 39.h4 gxh4+ 40.Kxh4 Kb5 41.Kg5 c5 42.Bf5 Bd5 43.Kf6 a3 44.bxa3 Ka4
45.e6 fxe6 46.Bxe6 Be4 47.Bf5 Bc6 48.g5 Be8 49.Ke7 Bh5 50.Kd6 Kxa3 51.Kxc5 a4
52.Bd7 Bg6 53.c4 Bf7 54.Bxa4 Kxa4 55.Kd4 Kb4 56.c5  1/2-1/2

[Event "8th TCh-Eur w"]
[Site "Novi Sad SRB"]
[Date "2009.10.29"]
[Round "8"]
[White "Dedijer,M"]
[Black "Stojanovic,Andj"]
[Result "0-1"]
[WhiteElo "2005"]
[BlackElo "2323"]

1.e4 d6 2.d4 Nf6 3.Nc3 e5 4.Nf3 exd4 5.Nxd4 Be7 6.Be2 O-O 7.O-O Re8 8.Bf3 Nbd7
9.g3 Bf8 10.Re1 a5 11.Bg2 Nc5 12.Nb3 Nfd7 13.Be3 c6 14.Qd2 Ne6 15.a4 Ne5
16.Qe2 b6 17.f4 Ba6 18.Qd1 Nc4 19.Bc1 Qf6 20.Kh1 Rad8 21.Nd2 d5 22.exd5 cxd5
23.Nxd5 Qd4 24.Nxc4 Bxc4 25.c3 Qxd1 26.Rxd1 Nc7 27.Be3 Nxd5 28.Bd4 Bc5 29.Bxc5 bxc5
30.Bf3 Bb3 31.Rd2 Nb6 32.Rf2 Rd6 33.h4 Bd5 34.Kg2 Bxf3+ 35.Kxf3 f5  0-1

[Event "WJun"]
[Site "Puerto Madryn ARG"]
[Date "2009.10.29"]
[Round "8"]
[White "Can,E"]
[Black "Aharon,O"]
[Result "1-0"]
[WhiteElo "2455"]
[BlackElo "2192"]

1.e4 d6 2.d4 Nf6 3.Nc3 e5 4.dxe5 dxe5 5.Qxd8+ Kxd8 6.Bg5 Be7 7.O-O-O+ Nfd7
8.Be3 c6 9.f4 Kc7 10.Nf3 f6 11.g3 b5 12.Rd2 Na6 13.fxe5 fxe5 14.Bh3 Rf8 15.Rhd1 Nac5
16.Bg4 Nb6 17.Nxe5 Bxg4 18.Nxg4 b4 19.Ne2 Nxe4 20.Rd4 Nd6 21.Nf4 Nf7 22.Re4 Rfe8
23.Ne6+ Kb7 24.Bc5 Nd5 25.Rde1 h5 26.Nf2 Bf6 27.g4 hxg4 28.Nxg4 a5 29.Nxf6 Nxf6  1-0

[Event "World Seniors"]
[Site "Condino ITA"]
[Date "2009.10.30"]
[Round "4"]
[White "Loktiev,I"]
[Black "Ziltener,W"]
[Result "1-0"]
[WhiteElo "2261"]
[BlackElo "2127"]

1.e4 d6 2.d4 Nf6 3.Nc3 c6 4.h3 Qa5 5.Qd2 e5 6.Nf3 Be7 7.Be2 O-O 8.O-O Qc7
9.a4 a5 10.b3 b6 11.Bb2 Ba6 12.Rfe1 Bxe2 13.Rxe2 Na6 14.Rd1 Rfd8 15.Nh4 exd4
16.Qxd4 Ne8 17.Nf5 Bf6 18.Qe3 Nc5 19.Qg3 Kh8 20.Ba1 Rd7 21.f4 Rad8 22.Rde1 g6
23.Nh6 Bg7 24.Ng4 Ne6 25.f5 Nf8 26.f6 Nxf6 27.Nxf6 Bxf6 28.Nd5 cxd5 29.Bxf6+ Kg8
30.Bxd8 Rxd8 31.exd5 Qc5+ 32.Qe3 Qxd5 33.Qxb6 Rc8 34.c4  1-0

[Event "8th TCh-Eur w"]
[Site "Novi Sad SRB"]
[Date "2009.10.30"]
[Round "9"]
[White "Videnova,I"]
[Black "Gara,A"]
[Result "0-1"]
[WhiteElo "2307"]
[BlackElo "2365"]

1.e4 d6 2.d4 Nf6 3.Nc3 e5 4.Nf3 Nbd7 5.Bc4 Be7 6.O-O O-O 7.Re1 c6 8.a4 h6
9.a5 exd4 10.Qxd4 Ne5 11.Nxe5 dxe5 12.Qxd8 Rxd8 13.f3 Bb4 14.Be3 Ne8 15.Red1 Rxd1+
16.Nxd1 Nd6 17.Bb3 Nb5 18.c3 Bd6 19.Nf2 Kf8 20.Nd3 Ke7 21.Nc5 Rb8 22.g3 g5
23.g4 Nc7 24.Kg2 b6 25.axb6 axb6 26.Nd3 c5 27.h4 Ba6 28.Nf2 c4 29.Bc2 Bc5
30.Bc1 f6 31.Nh1 Bc8 32.Ng3 b5 33.Nf5+ Bxf5 34.gxf5 gxh4 35.Bxh6 Rg8+ 36.Kh2 Bf2
37.Rf1 Bg3+ 38.Kh3 Bf4 39.Bxf4 exf4 40.Kxh4 Rg2 41.Bb1 Na6 42.Re1 Rxb2 43.e5 Nc5
44.Kg4 Rb3 45.Kxf4 Rxc3 46.Rh1 fxe5+ 47.Kxe5 Nd7+ 48.Kf4 Nf6 49.Re1+ Kf7
50.Re6 b4 51.Ke5 Nd7+ 52.Kd6 Rc1 53.Re7+ Kf8 54.Be4 Rd1+ 55.Bd5 Nb6 56.Rb7 Nxd5
57.Ke6 c3 58.f6 Re1+  0-1

[Event "13th OIBM"]
[Site "Bad Wiessee GER"]
[Date "2009.11.02"]
[Round "3"]
[White "Forchert,M"]
[Black "Wimmer,A"]
[Result "1-0"]
[WhiteElo "2403"]
[BlackElo "2074"]

1.e4 d6 2.d4 Nf6 3.Nc3 c6 4.a4 Qa5 5.Bd2 Qb6 6.Nf3 a5 7.h3 Nbd7 8.e5 Nd5
9.Bc4 e6 10.exd6 Nxc3 11.bxc3 Bxd6 12.O-O O-O 13.Re1 Qc7 14.Qe2 b6 15.Bd3 Nf6
16.c4 Bb7 17.Bg5 Bf4 18.Bxf6 gxf6 19.Rab1 c5 20.d5 exd5 21.cxd5 Bxd5 22.Bxh7+ Kg7
23.Be4 Rae8 24.Qd3 Be6 25.Nh4 Rh8 26.Nf5+ Bxf5 27.Bxf5 Rxe1+ 28.Rxe1 Qd6
29.Qf3 Bh2+ 30.Kf1 Bf4 31.g3 Be5 32.Rd1 Qb8 33.Qg4+ Kf8 34.Rd7 Rg8 35.Qh5 Rg7
36.Qd1 Ke8 37.Qd5  1-0

[Event "13th OIBM"]
[Site "Bad Wiessee GER"]
[Date "2009.11.02"]
[Round "3"]
[White "Heinz,A"]
[Black "Dumjahn,C"]
[Result "1-0"]
[WhiteElo "2436"]
[BlackElo "2134"]

1.e4 d6 2.d4 Nf6 3.Nc3 Nbd7 4.Nf3 e5 5.Bc4 Be7 6.O-O c6 7.a4 h6 8.Re1 Qc7
9.h3 Nf8 10.Nh4 Be6 11.Bxe6 Nxe6 12.Nf5 Bf8 13.d5 Nc5 14.f4 g6 15.Ng3 O-O-O
16.f5 h5 17.Qf3 Be7 18.Be3 h4 19.Nf1 gxf5 20.Qxf5+ Qd7 21.Qf3 cxd5 22.exd5 Rh5
23.b4 e4 24.Qe2 Na6 25.Bxa7 Rg8 26.Qc4+ Kd8 27.Bb6+ Ke8 28.Nxe4 Nxd5 29.Qxd5  1-0